01439nam a2200301Ia 4500001001200000003000800012006001900020007001500039008004100054010001700095020001500112040002100127035002000148050002500168082002200193110011200215245021900327246004200546260005500588300002200643504005100665533015200716650004600868650005100914655002900965710001700994856012601011ebr10056851CaPaEBRm u cr cn|||||||||910513s1991 dcua sb 101 0 eng d z 91019679  z0309044936 aCaPaEBRcCaPaEBR a(OCoLC)4347711614aRA645.C3bI57 1991eb04a616.99/4490712202 aInstitute of Medicine (U.S.).bCommittee on the Relationship Between Oral Contraceptives and Breast Cancer.10aOral contraceptives & breast cancerh[electronic resource] /cCommittee on the Relationship Between Oral Contraceptives and Breast Cancer, Institute of Medicine, Division of Health Promotion and Disease Prevention.1 aOral contraceptives and breast cancer aWashington, D.C. :bNational Academy Press,c1991. ax, 185 p. :bill. aIncludes bibliographical references and index. aElectronic reproduction.bPalo Alto, Calif. :cebrary,d2009.nAvailable via World Wide Web.nAccess may be limited to ebrary affiliated libraries. 0aBreastxCancerxEpidemiologyvCongresses. 0aOral contraceptivesxSide effectsvCongresses. 7aElectronic books.2local2 aebrary, Inc.40uhttp://site.ebrary.com/lib/rucke/Doc?id=10056851zAn electronic book accessible through the World Wide Web; click to view